000 00313nam a2200145 4500
008 190329s1962||||xo d
245 1 0 _aZdravotnícka družina
250 _a1.vydanie
260 _bSZN
_aPraha
_c1962
300 _a309 s.
020 _c0
041 1 _aslo
044 _axo
_cSK
958 _aAPR
999 _c22287
_d22287